000 00778nam a2200253Ia 4500
003 OSt
005 20220928123939.0
006 a|||||r|||| 00| 0
007 ta
008 220927b |||||||| |||| 00| 0 eng d
024 _a35596
037 _cTextual
040 _aSDCL
_cSDCL
_beng
041 _2eng
_aeng
082 _aX:(G:55), P2
100 _aMarsiliani Laura Ed.
_9462470
245 0 _aEnvirinmental economics and the international economy.
260 _aDordrecht
_bKluwer Academic Publishers
_c2002
300 _axv,257p
_ccm.
700 _a Rauscher Michael Ed.
_9462471
700 _a Withagen Cees Ed.
_9462472
942 _hX:(G:55), P2
_cTEXL
_2CC
999 _c775454
_d775454